000 00781nam a2200217Ii 4500
003 JO-AjNU
008 230605s9999||||xx |||||||||||||| ||und||
017 _a2009/8/3623
040 _aJO-AjNU
_bara
_erda
_cJO-AjNU
041 _aara
050 1 4 _aBP173.3.Q322.2012
100 3 _aالقضاة، احمد مصطفى ,
_eauthor
_962169
245 0 0 _aقضايا فقهية معاصرة في الطفولة
250 _aالطبعة الاولى
264 3 1 _aعمان: المؤلف، 2012
300 _a244ص
_b ويحتوي على قائمة مراجع من ص229-ص244
336 _atext
_btxt
_2rdacontent
337 _aunmediated
_bn
_2rdamedia
338 _avolume
_bnc
_2rdacarrier
650 4 _aالفقه الاسلامي-الاطفال-رعاية الطفولة
_962170
999 _aA28139
_c31707
_d31707